000 00655nas a2200229 4500
001 BR5800200
003 BR-BrBNA
005 20231205082017.0
007 ta
008 230509b bl.|||p| |||| 00| 00por d
040 _aBR-BrBNA
_bpor
_cBiblioteca Nacional de Agricultura
041 _a(Pt)
072 _aL00
100 1 _aCastro, C.M. de O.
245 1 _aAvicultura; sera bom negocio a criacao de galinhas atualmente?
650 _aAVICULTURA
650 _aAVE DOMESTICA
650 _aCRIACAO
773 0 _tDIPAN (Brazil)
_x
_g(Jun-Jul 1958), v. 11(119-120) p. 10-12
_wBR5800200
909 _a202311
_bLúcia
_c55
_dLúcia Elande
942 _2AGRIS
_n0
_cANA
999 _c88533
_d88533